000 00735nas a2200229 4500
001 BR9508026
003 BR-BrBNA
005 20231205095446.0
007 ta
008 230509b bl.|||p| |||| 00| 00por d
040 _aBR-BrBNA
_bpor
_cBiblioteca Nacional de Agricultura
041 _a(Pt)
072 _aL70
100 1 _aRocha, L.C. de S.
100 1 _aSpinosa, H. de S.
245 1 _aSobre a neurotrasmissao colinergica
650 _aAcetilcolina
650 _aNeuronio
773 0 _tComunicacoes Cientificas da Faculdade de Medicina Veterinaria e Zootecnia da Universidade de Sao Paulo (Brazil)
_xISSN 0100-3313
_g(1993), v. 17(1-2) p. 17-24
_wBR9508026
909 _a202311
_bLúcia
_c55
_dLúcia Elande
942 _2AGRIS
_n0
_cANA
999 _c150805
_d150805